| 000 | 00607nam a2200193Ia 4500 | ||
|---|---|---|---|
| 003 | GCL | ||
| 008 | 140319s9999 xx 000 0 eng d | ||
| 040 |
_aGCL / _cGCL |
||
| 082 | 0 | 4 |
_a304.6 _bF I |
| 100 | 1 | _aFOOD AND AGRICULURE ORGANIZATION OF UNIN | |
| 245 | 1 | 0 |
_aTHE IMPACT OF POPULATION GROWTH AND URBANIZATION ON FOOD CANSUMPTION PATTEERNS IN EGYPT / _cFOOD AND AGRICULURE ORGANIZATION OF UNIN |
| 260 |
_a[S.N] : _bFOOD AND AGRICULTURE ORGANIZATION OF THE ، _c1995 |
||
| 300 | _a111 P | ||
| 650 | 0 | 4 | _aFOOD |
| 650 | 0 | 4 | _aEGYPT |
| 650 | 0 | 4 | _aPOPULATION |
| 650 | 0 | 4 | _aURBANIZATION |
| 942 |
_2ddc _cBK |
||
| 999 |
_c12521 _d12521 |
||